Jaki to region? - Losowe - Statystyki

Ogólne statystyki
  • Ten quiz został rozwiązany 41 razy
  • Średni wynik to 12 z 20
Statystyki odpowiedzi
Kraj Region % Poprawnych
Libia Afryka Północna
100%
Egipt Afryka Północna
100%
Republika Południowej Afryki Afryka Południowa
100%
Lesotho Afryka Południowa
100%
Czad Afryka Środkowa
100%
Gwinea Równikowa Afryka Środkowa
100%
Gabon Afryka Środkowa
100%
Kongo Afryka Środkowa
100%
Demokratyczna Republika Konga Afryka Środkowa
100%
Rwanda Afryka Wschodnia
100%
Somalia Afryka Wschodnia
100%
Sudan Południowy Afryka Wschodnia
100%
Kenia Afryka Wschodnia
100%
Tanzania Afryka Wschodnia
100%
Mozambik Afryka Wschodnia
100%
Gwinea Afryka Zachodnia
100%
Ghana Afryka Zachodnia
100%
Niger Afryka Zachodnia
100%
Nigeria Afryka Zachodnia
100%
Kanada Ameryka Północna
100%
Gujana Ameryka Południowa
100%
Surinam Ameryka Południowa
100%
Peru Ameryka Południowa
100%
Chile Ameryka Południowa
100%
Argentyna Ameryka Południowa
100%
Belize Ameryka Środkowa
100%
Gwatemala Ameryka Środkowa
100%
Nikragua Ameryka Środkowa
100%
Kostaryka Ameryka Środkowa
100%
Panama Ameryka Środkowa
100%
Indie Azja Południowa
100%
Nepal Azja Południowa
100%
Bhutan Azja Południowa
100%
Sri Lanka Azja Południowa
100%
Bangladesz Azja Południowa
100%
Mjanma Azja Południowo-Wschodnia
100%
Laos Azja Południowo-Wschodnia
100%
Wietnam Azja Południowo-Wschodnia
100%
Malezja Azja Południowo-Wschodnia
100%
Kazachstan Azja Środkowa
100%
Mongolia Azja Wschodnia
100%
Korea Północna Azja Wschodnia
100%
Turcja Azja Zachodnia
100%
Syria Azja Zachodnia
100%
Arabia Saudyjska Azja Zachodnia
100%
Zjednoczone Emiraty Arabskie Azja Zachodnia
100%
Jemen Azja Zachodnia
100%
Wielka Brytania Europa Północna
100%
Szwecja Europa Północna
100%
Łotwa Europa Północna
100%
Hiszpania Europa Południowa
100%
Watykan Europa Południowa
100%
Słowenia Europa Południowa
100%
Bośnia i Hercegowina Europa Południowa
100%
Czarnogóra Europa Południowa
100%
Albania Europa Południowa
100%
Słowacja Europa Wschodnia
100%
Białoruś Europa Wschodnia
100%
Bułgaria Europa Wschodnia
100%
Holandia Europa Zachodnia
100%
Luksemburg Europa Zachodnia
100%
Szwajcaria Europa Zachodnia
100%
Liechtenstein Europa Zachodnia
100%
Kuba Karaiby
100%
Haiti Karaiby
100%
Dominikana Karaiby
100%
Jamajka Karaiby
100%
Barbados Karaiby
100%
Saint Kitts i Nevis Karaiby
100%
Algieria Afryka Północna
67%
Tunezja Afryka Północna
67%
Erytrea Afryka Wschodnia
67%
Sierra Leone Afryka Zachodnia
67%
Timor Wschodni Azja Południowo-Wschodnia
67%
Korea Południowa Azja Wschodnia
67%
Włochy Europa Południowa
67%
Mauretania Afryka Zachodnia
50%
Republika Zielonego Przylądka Afryka Zachodnia
50%
Gambia Afryka Zachodnia
50%
Wenezuela Ameryka Południowa
50%
Meksyk Ameryka Środkowa
50%
Salwador Ameryka Środkowa
50%
Turkmenistan Azja Środkowa
50%
Cypr Azja Zachodnia
50%
Armenia Azja Zachodnia
50%
Liban Azja Zachodnia
50%
Jordania Azja Zachodnia
50%
Palestyna Azja Zachodnia
50%
Islandia Europa Północna
50%
Litwa Europa Północna
50%
Serbia Europa Południowa
50%
Rosja Europa Wschodnia
50%
Austria Europa Zachodnia
50%
Mikronezja Mikronezja
50%
San Marino Europa Południowa
33%
Maroko Afryka Północna
0%
Sudan Afryka Północna
0%
Eswatini Afryka Południowa
0%
Kamerun Afryka Środkowa
0%
Republika Środkowoafrykańska Afryka Środkowa
0%
Wyspy Świętego Tomasza i Książęca Afryka Środkowa
0%
Angola Afryka Środkowa
0%
Uganda Afryka Wschodnia
0%
Burundi Afryka Wschodnia
0%
Dżibuti Afryka Wschodnia
0%
Etiopia Afryka Wschodnia
0%
Zambia Afryka Wschodnia
0%
Zimbabwe Afryka Wschodnia
0%
Malawi Afryka Wschodnia
0%
Seszele Afryka Wschodnia
0%
Komory Afryka Wschodnia
0%
Mauritius Afryka Wschodnia
0%
Madagaskar Afryka Wschodnia
0%
Mali Afryka Zachodnia
0%
Senegal Afryka Zachodnia
0%
Gwinea Bissau Afryka Zachodnia
0%
Liberia Afryka Zachodnia
0%
Wybrzeże Kości Słoniowej Afryka Zachodnia
0%
Benin Afryka Zachodnia
0%
Togo Afryka Zachodnia
0%
Burkina Faso Afryka Zachodnia
0%
Stany Zjednoczone Ameryka Północna
0%
Kolumbia Ameryka Południowa
0%
Ekwador Ameryka Południowa
0%
Boliwia Ameryka Południowa
0%
Paragwaj Ameryka Południowa
0%
Urugwaj Ameryka Południowa
0%
Hoduras Ameryka Środkowa
0%
Australia Australia i Nowa Zelandia
0%
Nowa Zelandia Australia i Nowa Zelandia
0%
Iran Azja Południowa
0%
Afganistan Azja Południowa
0%
Pakistan Azja Południowa
0%
Malediwy Azja Południowa
0%
Tajlandia Azja Południowo-Wschodnia
0%
Kambodża Azja Południowo-Wschodnia
0%
Indonezja Azja Południowo-Wschodnia
0%
Singapur Azja Południowo-Wschodnia
0%
Brunei Azja Południowo-Wschodnia
0%
Uzbekistan Azja Środkowa
0%
Kirgistan Azja Środkowa
0%
Tadżykistan Azja Środkowa
0%
Chiny Azja Wschodnia
0%
Japonia Azja Wschodnia
0%
Tajwan Azja Wschodnia
0%
Gruzja Azja Zachodnia
0%
Azerbejdżan Azja Zachodnia
0%
Irak Azja Zachodnia
0%
Izrael Azja Zachodnia
0%
Kuwejt Azja Zachodnia
0%
Bahrajn Azja Zachodnia
0%
Katar Azja Zachodnia
0%
Oman Azja Zachodnia
0%
Irlandia Europa Północna
0%
Dania Europa Północna
0%
Norwegia Europa Północna
0%
Finlandia Europa Północna
0%
Estonia Europa Północna
0%
Portugalia Europa Południowa
0%
Andora Europa Południowa
0%
Chorwacja Europa Południowa
0%
Macedonia Północna Europa Południowa
0%
Grecja Europa Południowa
0%
Polska Europa Wschodnia
0%
Ukraina Europa Wschodnia
0%
Czechy Europa Wschodnia
0%
Węgry Europa Wschodnia
0%
Rumunia Europa Wschodnia
0%
Mołdawia Europa Wschodnia
0%
Francja Europa Zachodnia
0%
Monako Europa Zachodnia
0%
Belgia Europa Zachodnia
0%
Niemcy Europa Zachodnia
0%
Grenada Karaiby
0%
Saint Lucia Karaiby
0%
Saint Vincent i Grenadyny Karaiby
0%
Antigua i Barbuda Karaiby
0%
Trynidad i Tobago Karaiby
0%
Dominika Karaiby
0%
Wyspy Salomona Melanezja
0%
Papua-Nowa Gwinea Melanezja
0%
Vanuatu Melanezja
0%
Fidżi Melanezja
0%
Tuvalu Polinezja
0%
Samoa Polinezja
0%
Tonga Polinezja
0%
Nie znaleziono quizów pasujących do podanych kryteriów
Rozkład punktacji
Procent ludzi z każdym wynikiem
Percentyl według liczby udzielonych odpowiedzi
Twoja historia wyników
Nie rozwiązałeś tego quizu